| 000 | 00757nam a2200265Ia 4500 | ||
|---|---|---|---|
| 001 | Para_2803 | ||
| 003 | CHAP | ||
| 008 | 220125s1987 xx 000 0 und d | ||
| 010 | _a201279 | ||
| 040 | _cCHAP | ||
| 082 | _aPA 631.42 T39 | ||
| 100 |
_aTah Iuit, Juan Francisco _9111356 |
||
| 245 |
_aEl análisis químico de suelos / _c por Juan Francisco Tah Iuit |
||
| 260 |
_aChapingo, Méx. : _b UACh |
||
| 300 | _a138 p. | ||
| 650 |
_aSuelos _x Análisis Suelos _x Congresos _9166173 |
||
| 710 |
_aUACh. Dirección de Patronato Universitario _9115925 |
||
| 901 | _aPA 631.42 T39 | ||
| 902 | _aA | ||
| 905 | _a0000001987 CHAa 0000000000 00 | ||
| 910 | _a1987 | ||
| 942 | _cPARA | ||
| 942 |
_cPARA _d1 |
||
| 999 |
_c201279 _d201279 |
||